000 00352nam a2200157Ia 4500
003 Ost
005 20260225132546.0
008 260225s9999||||xx |||||||||||||| ||und||
040 _cfsic
041 _afre
082 _a440
100 _aRodolf kurtz
_eAuteur
245 0 _aExpression misure et cinema /
245 0 _cRodolf kurtz
942 _cكتاب
999 _c33819
_d33819